Invest in Colombia : (Registro nro. 8166)

Detalles MARC
000 -LEADER
fixed length control field 01018nam a2200217Ia 4500
003 - CONTROL NUMBER IDENTIFIER
control field OSt
005 - DATE AND TIME OF LATEST TRANSACTION
control field 20210729152707.0
008 - FIXED-LENGTH DATA ELEMENTS--GENERAL INFORMATION
fixed length control field 210310s2009 ck aodbfr 000 0 eng d
040 ## - CATALOGING SOURCE
Original cataloging agency CO-JMCR
Transcribing agency CO-JMCR
041 0# - LANGUAGE CODE
Language code of text/sound track or separate title eng
082 04 - DEWEY DECIMAL CLASSIFICATION NUMBER
Classification number 338.986105 /
Item number P964i1
Edition number 23
110 2# - MAIN ENTRY--CORPORATE NAME
Corporate name or jurisdiction name as entry element Proexport Colombia
9 (RLIN) 38603
245 10 - TITLE STATEMENT
Title Invest in Colombia :
Remainder of title work, commitment, creativity /
Statement of responsibility, etc. Proexport Colombia
260 ## - PUBLICATION, DISTRIBUTION, ETC.
Place of publication, distribution, etc. Bogotá :
Name of publisher, distributor, etc. Proexport Colombia,
Date of publication, distribution, etc. 2009
300 ## - PHYSICAL DESCRIPTION
Extent 33 páginas :
Other physical details ilustraciones, fotografías, gráficas y mapas a color ;
Dimensions 20 cm.
505 0# - FORMATTED CONTENTS NOTE
Formatted contents note Some reasons to invest in Colombia -- Agribusiness -- Automotive -- Cosmetics and personal hygiene -- Information and communications technology (ICT)-BPO&O -- Tourism -- Private equity -- Program for the development of world class sectors -- Proexport´s services to investors
650 14 - SUBJECT ADDED ENTRY--TOPICAL TERM
Topical term or geographic name entry element Crecimiento económico
9 (RLIN) 16514
Geographic subdivision Colombia
650 24 - SUBJECT ADDED ENTRY--TOPICAL TERM
Topical term or geographic name entry element Producto interno bruto
Geographic subdivision Colombia
9 (RLIN) 37113
650 24 - SUBJECT ADDED ENTRY--TOPICAL TERM
Topical term or geographic name entry element Condiciones económicas
Geographic subdivision Colombia
9 (RLIN) 6839
942 ## - ADDED ENTRY ELEMENTS (KOHA)
Source of classification or shelving scheme Dewey Decimal Classification
Koha item type Books
Existencias
Withdrawn status Lost status Source of classification or shelving scheme Damaged status Not for loan Collection code Home library Current library Date acquired Source of acquisition Full call number Barcode Date last seen Copy number Koha item type
    Dewey Decimal Classification     Non-fiction Biblioteca Pública José María del Castillo y Rada Biblioteca Pública José María del Castillo y Rada 04/15/2018 Donación 338.986105 / P964i1 430003307 05/16/2024 Ej.1 Books